000 00746nam a2200253Ia 4500
003 OSt
005 20220925185346.0
006 a|||||r|||| 00| 0
007 ta
008 220923b |||||||| |||| 00| 0 eng d
037 _cGeneral Book
040 _aRTL
_cRTL
_beng
041 _2eng
_aeng
082 _aX:(B).73.N7, L6
100 _aHickman B C
_9234045
245 0 _aAnnual growth modals of the U S economy
260 _aAmsterdam
_bNorth - Holland
_c1976
300 _axix,287p Bib p 277-79
_ccm.
490 _aContributions To Economic Analysis
650 _aMathemetical Economics
700 _a Coen R M
_9234047
942 _hX:(B).73.N7, L6
_cGB
_2CC
999 _c510594
_d510594